000 00300nam a22001337a 4500
008 170608b xxu||||| |||| 00| 0 eng d
020 _a9780737702170
041 _aeng
080 _a94(100)
100 _a18
101 _aSHH
245 _aTHE CIVIL RIGHTS MOVEMENT
_cWINTERS,P.A
942 _2udc
_cBK
999 _c16482
_d16482